Poemas en batalla /

Bibliographic Details
Main Author: Giammar, Ana, 1946-
Format: Book
Language:Spanish
Published: [Montevideo?] : Ediciones Amancay, 1974.

MARC

Tag First Indicator Second Indicator Subfields
LEADER 00000cam a2200000Ii 4500
001 in00001665421
005 20151024121605.0
008 760304s1974 uy 000 0 spa d
035 |a (OCoLC)ocm02030952 
040 |a IXA  |c IXA  |d TXA  |d UtOrBLW 
049 |a TXAM 
090 |a PQ8520.17.I3553  |b P633 
100 1 |a Giammar, Ana,  |d 1946- 
245 1 0 |a Poemas en batalla /  |c Ana Giammar. 
264 1 |a [Montevideo?] :  |b Ediciones Amancay,  |c 1974. 
300 |a 37 pages ;  |c 20 cm. 
336 |a text  |b txt  |2 rdacontent 
337 |a unmediated  |b n  |2 rdamedia 
338 |a volume  |b nc  |2 rdacarrier 
948 |a cataloged  |b h  |c 2002/3/7  |d c  |e cmulkey  |f 8:41:44 am 
994 |a E0  |b TXA 
999 |a MARS 
999 f f |s 219a68c9-50ee-36fb-a9b2-3d87c9cc5c68  |i 56222395-1690-399d-bae0-2512971fa555  |t 0 
952 f f |p ric  |a Texas A&M University  |b Rellis Campus  |c Joint Library Facility  |d Remote Storage  |t 0  |e PQ8520.17.I3553 P633  |h Library of Congress classification  |i unmediated -- volume  |m A14828692006 
998 f f |a PQ8520.17.I3553 P633  |t 0  |l Remote Storage